[Event "RA Spring op"]
[Site "Ottawa CAN"]
[Date "2011.03.06"]
[Round "4"]
[White "Upper, John"]
[Black "Ossedik, Elias"]
[Result "1-0"]
[WhiteElo "2174"]
[BlackElo "2219"]
[PlyCount "51"]
[GameId "2160767909787513"]
[EventDate "2011.03.04"]
[EventType "swiss"]
[EventRounds "5"]
[EventCountry "CAN"]

1. d4 e6 2. e4 d5 3. Nd2 Nf6 4. e5 Nfd7 5. Bd3 c5 6. c3 Nc6 7. Ne2 cxd4 8. cxd4 f6 9. Nf4 Nxd4 10. Qh5+ Ke7 11. Ng6+ hxg6 12. exf6+ Nxf6 13. Qxh8 Kf7 14. O-O e5 15. Nf3 Nxf3+ 16. gxf3 Nh5 17. Bxg6+ Kxg6 18. Kh1 Nf6 19. Rg1+ Ng4 20. fxg4 Kf7 21. Qh5+ Ke6 22. f4 e4 23. Be3 b6 24. Rac1 Qd6 25. Qe8+ Qe7 26. Rc6# 1-0

[Event "RA Spring op"]
[Site "Ottawa CAN"]
[Date "2011.03.06"]
[Round "4"]
[White "Voloaca, Mihnea"]
[Black "Valdizon, Armando"]
[Result "1-0"]
[WhiteElo "2318"]
[BlackElo "2279"]
[PlyCount "63"]
[GameId "2160767909787515"]
[EventDate "2011.03.04"]
[EventType "swiss"]
[EventRounds "5"]
[EventCountry "CAN"]
[SourceTitle "EXT 2022"]
[Source "ChessBase"]
[SourceDate "2021.10.06"]
[SourceVersion "1"]
[SourceVersionDate "2021.10.06"]
[SourceQuality "1"]

1. d4 e6 2. e4 d5 3. exd5 exd5 4. c4 Nf6 5. Nc3 Be7 6. cxd5 Nxd5 7. Bc4 Nf6 8. Nf3 O-O 9. h3 Nbd7 10. O-O Nb6 11. Bb3 c6 12. Re1 h6 13. Qd3 Nbd5 14. a3 Re8 15. Ne4 Nxe4 16. Qxe4 Be6 17. Bc2 Nf6 18. Qd3 Qd6 19. Bd2 Rad8 20. Bb4 Qc7 21. Bd2 Bd6 22. Rad1 Bd5 23. Ne5 Bxe5 24. Rxe5 Rxe5 25. dxe5 Qxe5 26. Re1 Qh5 27. Bc3 Qg5 28. f3 g6 29. Qd4 Kg7 30. Re5 Qc1+ 31. Re1 Qg5 32. h4 1-0

[Event "RA Summer Pickup #1"]
[Site "Ottawa CAN"]
[Date "2011.06.02"]
[Round "3"]
[White "Pacey, Kevin"]
[Black "Marinkovic, Mate"]
[Result "1-0"]
[WhiteElo "2292"]
[BlackElo "2211"]
[PlyCount "81"]
[GameId "2160767909704273"]
[EventDate "2011.06.02"]
[EventType "swiss"]
[EventRounds "6"]
[EventCountry "CAN"]

1. b3 e5 2. Bb2 Nc6 3. e3 d5 4. Bb5 Bd6 5. c4 Be6 6. c5 Bxc5 7. Bxe5 f6 8. Bb2 Nge7 9. Ne2 a6 10. Nf4 Bf7 11. Bxc6+ Nxc6 12. Qg4 O-O 13. d4 Bd6 14. Nc3 f5 15. Qf3 Bxf4 16. Qxf4 Qd7 17. Ba3 Rfe8 18. h3 h6 19. g4 g5 20. Qxf5 Qxf5 21. gxf5 Nxd4 22. O-O-O Nxf5 23. Nxd5 Red8 24. Nf6+ Kg7 25. Bb2 Kg6 26. e4 Nd6 27. f4 Be8 28. f5+ Kf7 29. Rhf1 Bb5 30. Rf2 Ne8 31. Ng4 Rxd1+ 32. Kxd1 Rd8+ 33. Kc1 Rd6 34. e5 Rc6+ 35. Kd1 h5 36. e6+ Kf8 37. Ba3+ Nd6 38. Ne5 Rc3 39. f6 Be8 40. f7 Rxh3 41. Bxd6+ 1-0

[Event "RA Summer Pickup #1"]
[Site "Ottawa CAN"]
[Date "2011.06.09"]
[Round "4"]
[White "Upper, John"]
[Black "Pacey, Kevin"]
[Result "0-1"]
[WhiteElo "2201"]
[BlackElo "2292"]
[PlyCount "80"]
[GameId "2160767909704274"]
[EventDate "2011.06.02"]
[EventType "swiss"]
[EventRounds "6"]
[EventCountry "CAN"]

1. d4 c6 2. c4 d5 3. Nf3 Nf6 4. Nc3 e6 5. e3 Nbd7 6. Qc2 Bd6 7. Bd2 O-O 8. Rc1 a6 9. a3 b5 10. c5 Bc7 11. Bd3 e5 12. dxe5 Nxe5 13. Nxe5 Bxe5 14. O-O Qe7 15. Ne2 Bg4 16. Nd4 Ne4 17. f3 Qh4 18. f4 Bxd4 19. exd4 f5 20. Ba5 Rac8 21. Bxe4 fxe4 22. Bd2 Be2 23. Rf2 Bd3 24. Qc3 Rf6 25. Be3 Rh6 26. g3 Rg6 27. Kg2 Qg4 28. f5 Rf6 29. h3 Qh5 30. g4 Qh4 31. Qd2 h6 32. g5 Rf7 33. gxh6 Rcf8 34. Bg5 Qh5 35. h4 gxh6 36. Bxh6 Rxf5 37. Bxf8 Qg4+ 38. Kh1 e3 39. Qxd3 exf2 40. Be7 Rf3 0-1

[Event "RA Summer Pickup #1"]
[Site "Ottawa CAN"]
[Date "2011.06.16"]
[Round "5"]
[White "Pacey, Kevin"]
[Black "Doubleday, William"]
[Result "1-0"]
[WhiteElo "2292"]
[BlackElo "2119"]
[PlyCount "127"]
[GameId "2160767909704275"]
[EventDate "2011.06.02"]
[EventType "swiss"]
[EventRounds "6"]
[EventCountry "CAN"]

1. d4 d5 2. Nf3 Nf6 3. c4 c6 4. Nc3 e6 5. Bg5 Nbd7 6. e3 Be7 7. Bd3 O-O 8. O-O h6 9. Bf4 dxc4 10. Bxc4 b5 11. Bd3 Bb7 12. Rc1 a6 13. Ne4 Qb6 14. Nd6 c5 15. Nxb7 Qxb7 16. b3 Rac8 17. Bb1 cxd4 18. Nxd4 Ba3 19. Rxc8 Rxc8 20. Bg3 Qd5 21. Ne2 g6 22. Qxd5 Nxd5 23. Rd1 Nc3 24. Nxc3 Rxc3 25. Kf1 Kf8 26. Bxg6 fxg6 27. Rxd7 Rc2 28. Bd6+ Bxd6 29. Rxd6 Rxa2 30. Rxe6 Kf7 31. Rb6 Rb2 32. Rxa6 Rxb3 33. Ke2 h5 34. f4 b4 35. Kf3 Rc3 36. Rb6 b3 37. g3 Rc2 38. h3 b2 39. g4 Rh2 40. Kg3 Re2 41. gxh5 Rxe3+ 42. Kf2 Re6 43. hxg6+ Rxg6 44. Rxb2 Ra6 45. Kg3 Kg6 46. Kg4 Ra1 47. Rb6+ Kg7 48. Kg5 Rg1+ 49. Kf5 Rh1 50. Rb7+ Kh6 51. Rb3 Ra1 52. Rb6+ Kg7 53. h4 Ra5+ 54. Kg4 Ra1 55. h5 Kh7 56. Kg5 Rg1+ 57. Kf6 Rf1 58. f5 Kh6 59. Kf7+ Kxh5 60. f6 Kg5 61. Kg7 Kf5 62. f7 Rg1+ 63. Kh7 Rh1+ 64. Rh6 1-0

[Event "RA Summer Pickup #2"]
[Site "Ottawa CAN"]
[Date "2011.06.23"]
[Round "1"]
[White "Upper, John"]
[Black "Pacey, Kevin"]
[Result "1-0"]
[WhiteElo "2180"]
[BlackElo "2309"]
[PlyCount "93"]
[GameId "2160767909704183"]
[EventDate "2011.06.23"]
[EventType "swiss"]
[EventRounds "6"]
[EventCountry "CAN"]

1. d4 c6 2. c4 d5 3. cxd5 cxd5 4. Nf3 Nf6 5. Nc3 Nc6 6. Bf4 a6 7. e3 Bg4 8. h3 Bh5 9. g4 Bg6 10. Qb3 b5 11. g5 Be4 12. gxf6 Bxf3 13. fxg7 Bxg7 14. Rg1 Bxd4 15. Bxb5 axb5 16. Rg3 Bxc3+ 17. Qxc3 d4 18. exd4 Bd5 19. Kf1 Bc4+ 20. Kg2 Qd5+ 21. Kh2 b4 22. Qe3 b3 23. a3 Qxd4 24. Qxd4 Nxd4 25. Be5 Nc2 26. Bxh8 f6 27. Rd1 Kf7 28. Rg7+ Ke6 29. Rxh7 Nxa3 30. Ra1 Bd3 31. Rh4 Bc2 32. Bg7 Nc4 33. Rxa8 Nxb2 34. Rb8 Nd3 35. Re4+ Kf7 36. Bf8 e5 37. Ba3 Nxf2 38. Rc4 Kg6 39. Rb6 Ne4 40. Rcc6 Kf5 41. Bc1 Bd1 42. Kg2 Bc2 43. Kf3 Ng5+ 44. Bxg5 Be4+ 45. Kg3 Kxg5 46. Rxf6 b2 47. h4+ 1-0

[Event "RA Summer Pickup #2"]
[Site "Ottawa CAN"]
[Date "2011.07.07"]
[Round "2"]
[White "Pacey, Kevin"]
[Black "Qin, Zi Yi (Joey)"]
[Result "1/2-1/2"]
[WhiteElo "2305"]
[BlackElo "2347"]
[PlyCount "93"]
[GameId "2160767909704184"]
[EventDate "2011.06.23"]
[EventType "swiss"]
[EventRounds "6"]
[EventCountry "CAN"]

1. g3 Nf6 2. Bg2 d5 3. Nf3 g6 4. O-O Bg7 5. c4 O-O 6. cxd5 Nxd5 7. d4 c5 8. dxc5 Na6 9. c6 bxc6 10. Nd4 Bb7 11. Na3 Qb6 12. e3 c5 13. Nb3 Nab4 14. Nc4 Qb5 15. Nba5 Rad8 16. Nxb7 Qxb7 17. Qb3 Qa6 18. a3 Nb6 19. Nxb6 axb6 20. Be4 Nd3 21. Bxd3 Rxd3 22. Qc2 Rfd8 23. Rb1 c4 24. e4 b5 25. Re1 h6 26. Be3 Kh7 27. h4 Qe6 28. Kh2 Bd4 29. Bf4 Be5 30. Bxe5 Qxe5 31. Re2 Qd4 32. Rbe1 e6 33. Kg2 Rd7 34. Kh2 Qf6 35. a4 bxa4 36. Qxa4 Qd4 37. Qc2 Rb7 38. e5 Kg7 39. Rb1 Rb4 40. Kh3 h5 41. Ra1 c3 42. bxc3 Rxc3 43. Qd2 Rxg3+ 44. fxg3 Qxa1 45. Qxb4 Qh1+ 46. Rh2 Qf1+ 47. Rg2 1/2-1/2

[Event "RA Summer Pickup #2"]
[Site "Ottawa CAN"]
[Date "2011.07.14"]
[Round "3"]
[White "Carrier, Claude"]
[Black "Pacey, Kevin"]
[Result "0-1"]
[WhiteElo "2135"]
[BlackElo "2305"]
[PlyCount "76"]
[GameId "2160767909704185"]
[EventDate "2011.06.23"]
[EventType "swiss"]
[EventRounds "6"]
[EventCountry "CAN"]

1. e4 c5 2. Nf3 d6 3. d4 cxd4 4. Nxd4 Nf6 5. Nc3 a6 6. Be3 e5 7. Nb3 Be6 8. Qe2 Nbd7 9. f4 Rc8 10. f5 Bc4 11. Qf3 Bxf1 12. Rxf1 Rxc3 13. bxc3 Qc7 14. Kf2 Be7 15. Kg1 Qxc3 16. Rac1 Qc4 17. Nd2 Qxa2 18. c4 Qa4 19. g4 h6 20. h4 h5 21. g5 Ng4 22. Ba7 Qc6 23. Qd3 b6 24. c5 dxc5 25. Qxa6 O-O 26. Qa2 b5 27. g6 c4 28. gxf7+ Kh8 29. Bf2 Bc5 30. Kg2 Nxf2 31. Rxf2 Bxf2 32. Kxf2 Nc5 33. Kf3 Rxf7 34. Ke3 Qh6+ 35. Ke2 Rd7 36. Nf3 Qd6 37. Qa8+ Rd8 38. Nxe5 Qd2+ 0-1

[Event "RA Summer Pickup #3"]
[Site "Ottawa CAN"]
[Date "2011.07.28"]
[Round "1"]
[White "Pacey, Kevin"]
[Black "Danilov, Alex"]
[Result "1-0"]
[WhiteElo "2299"]
[BlackElo "1745"]
[PlyCount "85"]
[GameId "2160767909649185"]
[EventDate "2011.07.28"]
[EventType "swiss"]
[EventRounds "6"]
[EventCountry "CAN"]

1. d4 Nf6 2. c4 e6 3. g3 c6 4. Nf3 Bb4+ 5. Bd2 Bxd2+ 6. Qxd2 d6 7. Nc3 Nbd7 8. Bg2 O-O 9. O-O e5 10. e4 Re8 11. d5 c5 12. a3 Nf8 13. Ne1 a6 14. Nd3 Bd7 15. a4 b5 16. axb5 axb5 17. Nxb5 Qb6 18. b4 Bxb5 19. bxc5 dxc5 20. Rxa8 Rxa8 21. Rb1 N6d7 22. Rxb5 Ra1+ 23. Bf1 Qg6 24. Qe2 Qa6 25. Nxc5 Nxc5 26. Rxc5 Ra2 27. Rc6 Qa4 28. Qf3 Ra3 29. Qh5 Ra1 30. Rc7 g6 31. Qf3 Nd7 32. Kg2 Kg7 33. Qg4 Nf6 34. Qe6 Qd1 35. Rxf7+ Kh6 36. Qh3+ Nh5 37. Kg1 Qd3 38. c5 Qxe4 39. Qg2 Qc4 40. c6 Rc1 41. c7 e4 42. c8=Q Qxc8 43. Qxe4 1-0

[Event "RA Summer Pickup #3"]
[Site "Ottawa CAN"]
[Date "2011.08.04"]
[Round "2"]
[White "De Kerpel, Stijn"]
[Black "Pacey, Kevin"]
[Result "0-1"]
[WhiteElo "2200"]
[BlackElo "2299"]
[PlyCount "68"]
[GameId "2160767909649186"]
[EventDate "2011.07.28"]
[EventType "swiss"]
[EventRounds "6"]
[EventCountry "CAN"]

1. d4 c5 2. d5 Nf6 3. Nc3 d6 4. e4 g6 5. f4 Bg7 6. Nf3 Bg4 7. Be2 O-O 8. O-O Na6 9. h3 Bxf3 10. Bxf3 Nc7 11. Re1 Nd7 12. Qd3 Rb8 13. a4 b6 14. Nb5 Nxb5 15. axb5 Qc7 16. Qc4 a5 17. Ra2 Rbe8 18. Bd2 e6 19. dxe6 Rxe6 20. Kf1 Rfe8 21. Ra4 Nf6 22. Bc3 Qe7 23. Qd3 c4 24. Bxf6 Qxf6 25. Rxc4 Qxf4 26. Rd1 Bxb2 27. Rc6 a4 28. Rxb6 a3 29. Ra6 Rxe4 30. Qxd6 R4e5 31. Qd2 Re3 32. Kg1 Be5 33. Bd5 Qh2+ 34. Kf1 Qh1+ 0-1

[Event "RA Summer Pickup #3"]
[Site "Ottawa CAN"]
[Date "2011.08.18"]
[Round "4"]
[White "Qin, Zi Yi (Joey)"]
[Black "Pacey, Kevin"]
[Result "1-0"]
[WhiteElo "2360"]
[BlackElo "2299"]
[PlyCount "109"]
[GameId "2160767909649188"]
[EventDate "2011.07.28"]
[EventType "swiss"]
[EventRounds "6"]
[EventCountry "CAN"]

1. e4 Nc6 2. Nf3 d6 3. h3 Nf6 4. Nc3 e5 5. d4 exd4 6. Nxd4 g6 7. Bg5 Bg7 8. Nxc6 bxc6 9. Qd2 h6 10. Be3 Rb8 11. Rb1 O-O 12. Bd3 d5 13. Bxh6 Bxh6 14. Qxh6 Nxe4 15. Bxe4 dxe4 16. O-O Re8 17. Rfe1 Rb4 18. Rbd1 Rd4 19. Rxd4 Qxd4 20. Qf4 Qb4 21. Qxc7 Qxb2 22. Qxc6 Rf8 23. Nxe4 Bb7 24. Nf6+ Kg7 25. Ne8+ Kg8 26. Qd6 Qb5 27. Nf6+ Kg7 28. Ng4 Qc6 29. Qd4+ f6 30. Re7+ Rf7 31. Rxf7+ Kxf7 32. f3 Qb6 33. Qxb6 axb6 34. Ne3 Ke6 35. Kf2 Kd6 36. h4 f5 37. Kg3 Bc8 38. Kf4 Be6 39. a3 Bf7 40. c3 Be8 41. Kg5 b5 42. f4 Ke6 43. h5 gxh5 44. Nxf5 Kd5 45. Ng7 Bf7 46. Kf6 Bg8 47. Nxh5 Kc4 48. f5 Kxc3 49. Kg7 Bc4 50. f6 Kb2 51. f7 Bxf7 52. Kxf7 Kxa3 53. Nf4 b4 54. Nd3 b3 55. Ke6 1-0

[Event "RA Summer Pickup #3"]
[Site "Ottawa CAN"]
[Date "2011.08.25"]
[Round "5"]
[White "Pacey, Kevin"]
[Black "Gordon, David"]
[Result "0-1"]
[WhiteElo "2299"]
[BlackElo "2269"]
[PlyCount "92"]
[GameId "2160767909649189"]
[EventDate "2011.07.28"]
[EventType "swiss"]
[EventRounds "6"]
[EventCountry "CAN"]

1. d4 f5 2. g3 Nf6 3. Bg2 g6 4. c4 Bg7 5. Nc3 O-O 6. Nh3 c6 7. d5 a5 8. O-O Na6 9. Be3 h6 10. Nf4 g5 11. Nd3 Ng4 12. Bd2 Nb4 13. h3 Nxd3 14. exd3 Ne5 15. c5 Nxd3 16. Bxg5 Nxc5 17. Be3 Na6 18. Na4 e5 19. dxe6 d5 20. Re1 Bxe6 21. Bxh6 Qf6 22. Bxg7 Kxg7 23. Rc1 f4 24. gxf4 Rae8 25. Qb3 Rf7 26. Qg3+ Kh8 27. Re5 Rg8 28. Rg5 Rgg7 29. Re1 b5 30. Nc3 Nc5 31. Ree5 Qxf4 32. Rxg7 Qc1+ 33. Kh2 Rxg7 34. Qh4+ Kg8 35. Ne2 Qxb2 36. Nd4 Kf7 37. Qf4+ Ke7 38. Nxe6 Nxe6 39. Qf5 Rg6 40. h4 Kd6 41. Rxd5+ cxd5 42. Qxg6 Qxf2 43. h5 Qf4+ 44. Kh1 Qg5 45. Qe8 Nf4 46. Bf3 Qh4+ 0-1

[Event "RA Winter Frost"]
[Site "Ottawa CAN"]
[Date "2011.12.01"]
[Round "1"]
[White "Pacey, Kevin"]
[Black "Doubleday, William"]
[Result "1-0"]
[WhiteElo "2271"]
[BlackElo "2038"]
[PlyCount "99"]
[GameId "2160767909573338"]
[EventDate "2011.12.01"]
[EventType "swiss"]
[EventRounds "5"]
[EventCountry "CAN"]

1. d4 d5 2. Nf3 Nf6 3. c4 e6 4. g3 c6 5. Nbd2 Nbd7 6. Bg2 Bd6 7. O-O O-O 8. Qc2 Re8 9. Rd1 e5 10. cxd5 cxd5 11. dxe5 Nxe5 12. Nxe5 Rxe5 13. Nf3 Rh5 14. Bg5 h6 15. Bxf6 Qxf6 16. Qb3 Bc5 17. Qb5 Bb6 18. Qe8+ Kh7 19. Rac1 Qe6 20. Qxe6 Bxe6 21. Nd4 Re5 22. e3 Bg4 23. Rd3 Rd8 24. h3 Bh5 25. Bf3 Bg6 26. Rdc3 Be4 27. Rc8 Ree8 28. Rxd8 Rxd8 29. Bg4 Re8 30. Nb5 Re7 31. Nd6 g6 32. Nc8 Rc7 33. Rxc7 Bxc7 34. Nxa7 Be5 35. b4 d4 36. exd4 Bxd4 37. Nb5 Be5 38. f4 Bb2 39. Kf2 Bc6 40. Nd6 Ba3 41. Bf3 Bxb4 42. Nxf7 Be8 43. Ne5 Bc5+ 44. Kg2 b6 45. Bc6 Bxc6+ 46. Nxc6 Kg7 47. Kf3 Kf6 48. Ne5 Bd4 49. Ke4 Bf2 50. Ng4+ 1-0

[Event "RA Winter Frost"]
[Site "Ottawa CAN"]
[Date "2011.12.08"]
[Round "2"]
[White "Gordon, David"]
[Black "Pacey, Kevin"]
[Result "1-0"]
[WhiteElo "2280"]
[BlackElo "2271"]
[PlyCount "41"]
[GameId "2160767909573339"]
[EventDate "2011.12.01"]
[EventType "swiss"]
[EventRounds "5"]
[EventCountry "CAN"]

1. d4 Nc6 2. Nf3 d5 3. Bf4 Bf5 4. e3 Nb4 5. Na3 e6 6. Be2 a6 7. O-O h6 8. Ne5 Ne7 9. Bh5 g6 10. g4 Be4 11. f3 f6 12. c3 fxe5 13. Bxe5 Rg8 14. cxb4 gxh5 15. fxe4 Rxg4+ 16. Kh1 Kd7 17. Rf7 Qe8 18. Qf3 dxe4 19. Qf6 Rd8 20. Rc1 Rc8 21. d5 1-0

[Event "RA Winter Frost"]
[Site "Ottawa CAN"]
[Date "2011.12.15"]
[Round "3"]
[White "Pacey, Kevin"]
[Black "Marghetis, Aris"]
[Result "1-0"]
[WhiteElo "2283"]
[BlackElo "1996"]
[PlyCount "61"]
[GameId "2160767909573340"]
[EventDate "2011.12.01"]
[EventType "swiss"]
[EventRounds "5"]
[EventCountry "CAN"]

1. d4 Nf6 2. Nc3 d5 3. Nf3 Bf5 4. Nh4 Bd7 5. Bg5 c6 6. Qd3 h6 7. Bxf6 gxf6 8. g3 Qc8 9. e4 dxe4 10. Nxe4 Na6 11. Bg2 Bg7 12. O-O f5 13. Nc3 f4 14. Rfe1 Qc7 15. Nf5 Bxf5 16. Qxf5 e6 17. d5 Bxc3 18. bxc3 cxd5 19. Qxd5 Nc5 20. Qd4 Ke7 21. Re5 Rac8 22. Rae1 b6 23. Qxf4 f6 24. Qh4 Kf7 25. Qh5+ Kg7 26. Qg4+ Kf7 27. Rxe6 Nxe6 28. Qxe6+ Kg7 29. Qg4+ Kf8 30. Re6 Qxc3 31. Qg6 1-0

[Event "RA Winter Frost"]
[Site "Ottawa CAN"]
[Date "2011.12.22"]
[Round "4"]
[White "Pacey, Kevin"]
[Black "Keren, Yoni"]
[Result "1-0"]
[WhiteElo "2283"]
[BlackElo "2086"]
[PlyCount "113"]
[GameId "2160767909573341"]
[EventDate "2011.12.01"]
[EventType "swiss"]
[EventRounds "5"]
[EventCountry "CAN"]

1. c4 Nf6 2. Nf3 e6 3. g3 d5 4. d4 Bb4+ 5. Bd2 Be7 6. Qc2 c6 7. Bg2 b6 8. O-O O-O 9. b3 Ba6 10. a4 Nbd7 11. Na3 Ne4 12. Rfc1 Nxd2 13. Qxd2 Bd6 14. cxd5 cxd5 15. Nb5 Nf6 16. Ne5 Bxb5 17. axb5 Bxe5 18. dxe5 Nd7 19. Qb2 f6 20. exf6 Nxf6 21. Qe5 Kh8 22. Qc7 Qe8 23. Rc6 Qh5 24. Bf3 Ng4 25. Bxg4 Qxg4 26. Qe5 Qf5 27. Qxf5 exf5 28. Rc7 Kg8 29. Raxa7 Rxa7 30. Rxa7 Rf7 31. Ra8+ Rf8 32. Ra6 Rf6 33. Kg2 Re6 34. Kf3 Kf7 35. Ra7+ Re7 36. Ra8 Kf6 37. Rd8 Ke6 38. Rb8 Ke5 39. Rxb6 Kd4 40. Rc6 g5 41. e3+ Kd3 42. Rd6 Kc3 43. Rxd5 Rf7 44. b6 Kb4 45. h4 h6 46. h5 Kxb3 47. Rb5+ Kc4 48. b7 Kxb5 49. b8=Q+ Kc6 50. Qe8+ Rd7 51. Qe6+ Rd6 52. Qxf5 Kc7 53. Qe5 Kd7 54. Qxd6+ Kxd6 55. Ke4 Ke6 56. f4 Kf6 57. g4 1-0

[Event "RA Winter Frost"]
[Site "Ottawa CAN"]
[Date "2011.12.29"]
[Round "5"]
[White "Marinkovic, Mate"]
[Black "Pacey, Kevin"]
[Result "1-0"]
[WhiteElo "2085"]
[BlackElo "2283"]
[PlyCount "75"]
[GameId "2160767909573342"]
[EventDate "2011.12.01"]
[EventType "swiss"]
[EventRounds "5"]
[EventCountry "CAN"]

1. c4 b6 2. Nc3 Bb7 3. e4 e6 4. d3 g6 5. g3 Bg7 6. Bg2 f5 7. Nge2 Ne7 8. Be3 Nbc6 9. f4 O-O 10. O-O d6 11. Rb1 Qd7 12. b4 a5 13. b5 Nd8 14. Bf2 Rb8 15. a4 Kh8 16. Qc2 e5 17. fxe5 dxe5 18. Nd5 Ne6 19. Be3 Qd6 20. Rbd1 f4 21. gxf4 Nxd5 22. cxd5 exf4 23. Bd2 Nd4 24. Nxd4 Bxd4+ 25. Kh1 Qe5 26. Qc4 g5 27. Rc1 Rf7 28. d6 Rg7 29. dxc7 Rc8 30. Bh3 Rcxc7 31. Qe6 Rxc1 32. Rxc1 h5 33. Qh6+ Kg8 34. Qxh5 Bb2 35. Rc4 Bd4 36. Rxd4 Qxd4 37. Qe8+ Kh7 38. Bf5+ 1-0

[Event "RA Winter op"]
[Site "Ottawa CAN"]
[Date "2011.01.15"]
[Round "3"]
[White "Sapozhnikov, Roman"]
[Black "Pacey, Kevin"]
[Result "1-0"]
[WhiteElo "2412"]
[BlackElo "2325"]
[PlyCount "55"]
[GameId "2160767909821122"]
[EventDate "2011.01.14"]
[EventType "swiss"]
[EventRounds "5"]
[EventCountry "CAN"]

1. e4 Nc6 2. Nf3 e5 3. Bb5 a6 4. Ba4 Nf6 5. O-O Be7 6. Re1 b5 7. Bb3 d6 8. c3 O-O 9. h3 Na5 10. Bc2 c5 11. d4 Qc7 12. Nbd2 Bd7 13. Nf1 Nc4 14. b3 Nb6 15. Be3 Rfe8 16. Ng3 g6 17. Nh2 Rab8 18. f4 b4 19. d5 bxc3 20. fxe5 dxe5 21. Rf1 Qd6 22. Qf3 Bb5 23. Rf2 a5 24. Bh6 Kh8 25. Qxc3 a4 26. Nf3 Bf8 27. Bxf8 Qxf8 28. Nxe5 1-0

[Event "RA Winter op"]
[Site "Ottawa CAN"]
[Date "2011.01.16"]
[Round "4"]
[White "Pacey, Kevin"]
[Black "Marinkovic, Mate"]
[Result "0-1"]
[WhiteElo "2325"]
[BlackElo "2205"]
[PlyCount "46"]
[GameId "2160767909821123"]
[EventDate "2011.01.14"]
[EventType "swiss"]
[EventRounds "5"]
[EventCountry "CAN"]

1. e4 c5 2. Nf3 e6 3. c3 Nf6 4. e5 Nd5 5. d4 cxd4 6. cxd4 d6 7. Bc4 Nc6 8. O-O Be7 9. Qe2 O-O 10. Nc3 Nxc3 11. bxc3 Qc7 12. Bf4 b6 13. Rfe1 Bb7 14. Bd3 dxe5 15. dxe5 Rfd8 16. Ng5 h6 17. Qe4 Bxg5 18. Qh7+ Kf8 19. Bxg5 hxg5 20. Bb5 Ne7 21. Qh8+ Ng8 22. Re3 Rd5 23. Rh3 Rxb5 0-1

[Event "RA Winter op"]
[Site "Ottawa CAN"]
[Date "2011.01.16"]
[Round "5"]
[White "Upper, John"]
[Black "Pacey, Kevin"]
[Result "0-1"]
[WhiteElo "2201"]
[BlackElo "2325"]
[PlyCount "130"]
[GameId "2160767909821127"]
[EventDate "2011.01.14"]
[EventType "swiss"]
[EventRounds "5"]
[EventCountry "CAN"]

1. d4 d5 2. Bf4 e6 3. e3 Nf6 4. Nd2 Bd6 5. Bg3 O-O 6. Bd3 b6 7. Qe2 Bb7 8. Ngf3 Ne4 9. Bxd6 cxd6 10. O-O f5 11. c4 dxc4 12. Nxc4 Nd7 13. Qc2 b5 14. Ncd2 Rc8 15. Qb3 Bd5 16. Qd1 Qb6 17. Qe2 Qb7 18. Nb3 a6 19. Ne1 Qb6 20. f3 Nef6 21. f4 Ne4 22. Nf3 Rc7 23. Rfc1 Rfc8 24. Rxc7 Rxc7 25. h3 Bc4 26. Rd1 Ndf6 27. Qe1 Bxd3 28. Rxd3 Nd5 29. a3 Rc2 30. Qb1 Qc7 31. Nc5 Nxc5 32. Qxc2 Nxd3 33. Qxd3 Qc1+ 34. Kh2 Nxe3 35. Ng5 Nf1+ 36. Kg1 Ng3+ 37. Kh2 Nf1+ 38. Kg1 Qxf4 39. Nxe6 Qe3+ 40. Qxe3 Nxe3 41. Nc7 Nc2 42. d5 b4 43. a4 a5 44. Nb5 Ne3 45. Nxd6 Nxd5 46. Nc4 Kf7 47. Nxa5 Ke6 48. Nc4 g5 49. Kf2 h5 50. b3 Nf4 51. a5 Nd3+ 52. Ke3 Nc5 53. Nd2 Kd5 54. g3 g4 55. h4 Ke5 56. Nc4+ Kd5 57. Nd2 Ke5 58. Nc4+ Kd5 59. a6 Nxa6 60. Kf4 Nc5 61. Ne3+ Ke6 62. Nxf5 Nxb3 63. Ng7+ Kf7 64. Nxh5 Nc5 65. Ke3 Ne6 0-1

[Event "Rimouski"]
[Site "Rimouski CAN"]
[Date "2011.05.21"]
[Round "3"]
[White "Gras, Guillaume"]
[Black "Rainfray, Arnaud"]
[Result "0-1"]
[WhiteElo "2132"]
[BlackElo "2393"]
[PlyCount "84"]
[GameId "2160767909704296"]
[EventDate "2011.05.21"]
[EventType "swiss"]
[EventRounds "8"]
[EventCountry "CAN"]

1. e4 c5 2. Nf3 e6 3. b4 cxb4 4. a3 b3 5. cxb3 d5 6. e5 d4 7. b4 a5 8. Bb2 axb4 9. axb4 Rxa1 10. Bxa1 Bxb4 11. Qa4+ Nc6 12. Bb5 Qa5 13. Bxc6+ bxc6 14. Qxc6+ Bd7 15. Qb7 Ne7 16. Bxd4 Qb5 17. Qxb5 Bxb5 18. Bc3 Nd5 19. Bxb4 Nxb4 20. d4 Nd3+ 21. Kd2 Nxf2 22. Rc1 Kd7 23. Nc3 Bc6 24. Ra1 Ra8 25. Rxa8 Bxa8 26. Ke3 Ng4+ 27. Kf4 Bxf3 28. gxf3 Nxh2 29. Ne4 Nf1 30. Ng5 Ke7 31. Ne4 f5 32. Nf2 h6 33. Nh3 g5+ 34. Nxg5 hxg5+ 35. Kxg5 Nd2 36. Kf4 Nc4 37. d5 Nb6 38. d6+ Kd7 39. Ke3 Kc6 40. Kd4 Nd5 41. Kc4 Nf4 42. Kd4 Ng6 0-1

[Event "Rodgers mem."]
[Site "Ottawa CAN"]
[Date "2011.09.22"]
[Round "1"]
[White "Liu, Dan"]
[Black "Pacey, Kevin"]
[Result "0-1"]
[WhiteElo "1860"]
[BlackElo "2284"]
[PlyCount "92"]
[GameId "2160767909648281"]
[EventDate "2011.09.22"]
[EventType "swiss"]
[EventRounds "7"]
[EventCountry "CAN"]

1. e4 d6 2. Nc3 g6 3. g3 Bg7 4. Bg2 Nc6 5. d3 e5 6. f4 Nge7 7. Nf3 O-O 8. O-O h6 9. Be3 Nd4 10. Qd2 Nxf3+ 11. Rxf3 exf4 12. Rxf4 Nc6 13. Rf2 Ne5 14. h3 Kh7 15. Raf1 Be6 16. b3 c5 17. Ne2 Nc6 18. Nf4 Qa5 19. Qxa5 Nxa5 20. Nxe6 fxe6 21. Rxf8 Rxf8 22. Rxf8 Bxf8 23. Bd2 Nc6 24. Bc3 b5 25. a4 b4 26. Bb2 Bg7 27. Bxg7 Kxg7 28. Bf3 Kf6 29. Kf2 Ke5 30. Ke3 Nd4 31. Bd1 d5 32. g4 g5 33. exd5 exd5 34. Kd2 Ne6 35. Be2 Nf4 36. Bf1 Kd4 37. Be2 Nxh3 38. Bf3 Nf4 39. Bd1 Ng6 40. Bf3 Ne5 41. Be2 a5 42. Bd1 c4 43. dxc4 dxc4 44. bxc4 Nxc4+ 45. Kc1 Kc3 46. Be2 Ne3 0-1

[Event "Rodgers mem."]
[Site "Ottawa CAN"]
[Date "2011.09.29"]
[Round "2"]
[White "Pacey, Kevin"]
[Black "Kalra, Agastya"]
[Result "1-0"]
[WhiteElo "2284"]
[BlackElo "1960"]
[PlyCount "67"]
[GameId "2160767909648282"]
[EventDate "2011.09.22"]
[EventType "swiss"]
[EventRounds "7"]
[EventCountry "CAN"]

1. c4 Nf6 2. Nf3 c5 3. Nc3 d5 4. cxd5 Nxd5 5. e4 Nc7 6. d4 cxd4 7. Qxd4 Bd7 8. Be3 Nc6 9. Qd2 e5 10. Rd1 Bb4 11. a3 Bxc3 12. Qxc3 Qe7 13. Bc5 Qe6 14. Bd6 Rc8 15. Nxe5 f6 16. Bc4 Qxd6 17. Rxd6 Nxe5 18. Rxd7 Nxd7 19. Bb5 Kd8 20. Bxd7 Kxd7 21. Qd4+ Ke6 22. O-O b6 23. Rd1 Rhd8 24. Qxd8 Rxd8 25. Rxd8 Nb5 26. f4 Nd6 27. Ra8 a5 28. Rb8 Nxe4 29. Rxb6+ Kf5 30. g3 Nd2 31. Rb5+ Ke4 32. Rxa5 Ke3 33. Rc5 Ke2 34. Rc2 1-0

[Event "Rodgers mem."]
[Site "Ottawa CAN"]
[Date "2011.10.13"]
[Round "4"]
[White "Gordon, David"]
[Black "Pacey, Kevin"]
[Result "1-0"]
[WhiteElo "2261"]
[BlackElo "2284"]
[PlyCount "45"]
[GameId "2160767909648283"]
[EventDate "2011.09.22"]
[EventType "swiss"]
[EventRounds "7"]
[EventCountry "CAN"]

1. d4 e6 2. Nf3 Nf6 3. Bg5 d5 4. e3 Nbd7 5. c4 Be7 6. cxd5 Nxd5 7. Bxe7 Qxe7 8. Be2 O-O 9. O-O c6 10. Qd2 e5 11. e4 Nf4 12. Bc4 Ng6 13. Nc3 exd4 14. Nxd4 Nde5 15. Bb3 Rd8 16. f4 Ng4 17. h3 c5 18. Nd5 Qxe4 19. Nb5 Rxd5 20. Bxd5 Qe3+ 21. Qxe3 Nxe3 22. Nc7 Rb8 23. Rfe1 1-0